| 000 | 00411nam a22001217a 4500 | ||
|---|---|---|---|
| 008 | 150520b xxu||||| |||| 00| 0 eng d | ||
| 020 | _a9780071791991 | ||
| 020 | _a007179199X | ||
| 041 | 0 | _aeng | |
| 080 | _a658.8 | ||
| 245 | 1 | 0 |
_aWinning the battle for sales : _cJohn Golden ; with illustrations by David M. Connaughton. |
| 942 |
_2udc _cBK |
||
| 999 |
_c874 _d874 |
||